000 00522nam a2200205Ia 4500
003 OSt
005 20220925215343.0
006 a|||||r|||| 00| 0
007 ta
008 220923b |||||||| |||| 00| 0 eng d
037 _cGeneral Book
040 _aRTL
_cRTL
_beng
041 _2eng
_aeng
082 _aXn 574
100 _aLEGG H J
_9282638
245 0 _aLibya
260 _aLondon
_bHer Majesty's Stationary Office UK
_c1952
942 _hXn 574
_cGB
_2CC
999 _c568585
_d568585